000 00582nam a22001937a 4500
003 OSt
005 20251106080502.0
008 251106b |||||||| |||| 00| 0 eng d
020 _a978-971-9648-64-2
040 _aDWCL - Main Lib
_cOC
082 _aProf. 220.1 M398b 2019
100 _aMason, John
245 _aBe Yourself :
_bDiscover the Life You Were Meant to Live /
_cJohn Mason
260 _aParaƱaque City, Philippines :
_bActs 29 Publishing,
_cc2019.
300 _a158 pages ;
_c17 cm.
650 _a1. Inspiration
650 _a2. Bible
942 _2ddc
_cPROF.
_mProf.
_n0
999 _c5621
_d5621